书目信息 |
| 题名: |
建筑工程计量与计价
|
|
| 作者: | 王武齐 主编 | |
| 分册: | ||
| 出版信息: | 北京 中国建筑工业出版社 2007.12 |
|
| 页数: | 10, 305页 | |
| 开本: | 26cm | |
| 丛书名: | ||
| 单 册: | ||
| 中图分类: | TU723.3 | |
| 科图分类: | ||
| 主题词: | 建筑工程--jian zhu gong cheng--计量--高等教育--教材 , 建筑工程--jian zhu gong cheng--工程造价--高等教育--教材 | |
| 电子资源: | ||
| ISBN: | 978-7-112-09425-7 | |
| 000 | 01029nam0 2200277 450 | |
| 001 | 012008987676 | |
| 005 | 20080419150929.57 | |
| 010 | @a978-7-112-09425-7@dCNY27.00 | |
| 100 | @a20080419d2007 em y0chiy0120 ea | |
| 101 | 0 | @achi |
| 102 | @aCN@b110000 | |
| 105 | @aak a 000yy | |
| 106 | @ar | |
| 200 | 1 | @a建筑工程计量与计价@Ajian zhu gong cheng ji liang yu ji jia@f王武齐主编@Fwang wu qi zhu bian |
| 205 | @a第2版 | |
| 210 | @a北京@c中国建筑工业出版社@d2007.12 | |
| 215 | @a10, 305页@c图@d26cm | |
| 300 | @a普通高等教育土建学科专业“十一五”规划教材土建类专业适用 | |
| 320 | @a有书目 (第305页) | |
| 330 | @a本书内容包括:建筑工程定额、工料单价、建筑工程费用组成、建筑工程工程量计算、建筑工程费用计算、工程结算、计量与计价软件简介等八章。 | |
| 606 | 0 | @a建筑工程@Ajian zhu gong cheng@x计量@x高等教育@j教材 |
| 606 | 0 | @a建筑工程@Ajian zhu gong cheng@x工程造价@x高等教育@j教材 |
| 690 | @aTU723.3@v4 | |
| 701 | 0 | @a王武齐@Awang wu qi@4主编 |
| 801 | 0 | @aCN@bQSSK@c20080419 |
| 905 | @b293046-48@dTU723.3@eW375@f3 | |
| 建筑工程计量与计价/王武齐主编.-第2版.-北京:中国建筑工业出版社,2007.12 |
| 10, 305页:图;26cm |
| 普通高等教育土建学科专业“十一五”规划教材土建类专业适用 |
| ISBN 978-7-112-09425-7:CNY27.00 |
| 本书内容包括:建筑工程定额、工料单价、建筑工程费用组成、建筑工程工程量计算、建筑工程费用计算、工程结算、计量与计价软件简介等八章。 |
| ● |
| 相关链接 |
|
|
|
正题名:建筑工程计量与计价
索取号:TU723.3/W375
 
预约/预借
| 序号 | 登录号 | 条形码 | 馆藏地/架位号 | 状态 | 备注 |
| 1 | 293046 | 202930463 | 建筑库201/201建筑库 37排3列3层/ [索取号:TU723.3/W375] | 在馆 | |
| 2 | 293047 | 202930472 | 建筑库201/201建筑库 37排3列3层/ [索取号:TU723.3/W375] | 在馆 | |
| 3 | 293048 | 202930481 | 建筑库201/201建筑库 37排3列3层/ [索取号:TU723.3/W375] | 在馆 |